| 000 | 01279nam0a22003491 4500 | ||
|---|---|---|---|
| 001 | RU\NLR\A1SV\54366 | ||
| 005 | 20260225112254.1 | ||
| 035 | _a(NLR Aleph) 009736329 | ||
| 090 |
_a9927520 _c9927520 |
||
| 100 | _a20051220d1926 u y0rusy50 ca | ||
| 101 | 1 |
_arus _cger |
|
| 102 | _aRU | ||
| 200 | 1 |
_aОсновные законы электротехники _fИнж. Е.[!] Козак _gАвториз. пер. с нем., доп. и обраб. проф. В.А.Александровым _g[Предисл.: проф. В.Александров] |
|
| 210 |
_aЛ. _aМ. _cКнига _d1926 |
||
| 215 |
_a110 с. _cил., черт. _d18 см |
||
| 225 |
_aБ-ка квалифицир. рабочего _hСер. Г _iЭлектротехн. _v№ 3 |
||
| 300 | _aНапеч. в Ленинграде | ||
| 620 | _dМосква | ||
| 620 | _dСанкт-Петербург | ||
| 700 | 1 |
_aКозак _bЭ. _f1875- _gЭмиль |
|
| 702 | 1 |
_aАлександров _bВ. А. _f1880-1941 _gВалентин Александрович |
|
| 801 | 0 |
_aRU _bNLR _c20051220 |
|
| 852 |
_aNLR _j18/785-3 |
||
| 899 | _aРГБ | ||
| 899 | _aБАН | ||
| 899 | _aНГОУНБ | ||
| 899 | _aКирОУНБ | ||
| 942 | _cBOOK | ||
| 980 | _aNB | ||
| 980 | _aA1SV | ||
| 980 | _aA1SV | ||